LEADER 01282nam1 2200409 450 001 990001127450203316 005 20130206141941.0 035 $a000112745 035 $aUSA01000112745 035 $a(ALEPH)000112745USA01 035 $a000112745 100 $a20030122g19709999km-y0itay50------ba 101 0 $aeng 102 $aGB 105 $ay|||z|||001yy 200 1 $a<> commentary on Horace$eodes 210 $aOxford$cClarendon Press$d1970- 215 $avolumi$d22 cm 463 \1$1001990003192770203316$12001 $aBook 1. 463 \1$1001990003192840203316$12001 $aBook 2. 463 \1$1001990003192860203316$12001 $aBook 3. 463 \1$1001990005804870203316$12001 $aBook 2. 600 1$aOrazio Flacco,$bQuinto$xCarmina$xCommenti$2BNCF 676 $a874.01 801 0$aIT$bsalbc$gISBD 912 $a990001127450203316 951 $aV.3.B. 381/1-3$bL.M.$cV.3. 959 $aBK 969 $aUMA 979 $aPATRY$b90$c20030122$lUSA01$h1150 979 $aPATRY$b90$c20040406$lUSA01$h1718 979 $aANNAMARIA$b90$c20090204$lUSA01$h1008 979 $aANNAMARIA$b90$c20090204$lUSA01$h1041 979 $aANNAMARIA$b90$c20090204$lUSA01$h1216 979 $aIANNONE$b90$c20130206$lUSA01$h1419 996 $aCommentary on Horace$9979880 997 $aUNISA LEADER 01711nas 2200589- 450 001 9910265959003321 005 20260218110832.0 011 $a2570-9127 035 $a(CKB)110978976781407 035 $a(CONSER)---65033114- 035 $a(DE-599)2932855-X 035 $a(EXLCZ)99110978976781407 100 $a20750727c1962uuuu --- - 101 0 $acze 181 $ctxt$2rdacontent 182 $cc$2rdamedia 183 $acr$2rdacarrier 200 10$aAnthropologie 210 1$aBrno :$cAnthropos Institute, Moravian Museum Brno 215 $a1 online resource 300 $aRefereed/Peer-reviewed 300 $a"International journal of the science of man." 311 08$aPrint version: Anthropologie (Brno, Czech Republic) (DLC) 65033114 (OCoLC)567508579 0323-1119 606 $aAnthropology$vPeriodicals 606 $aAnthropology 606 $aAnthropology 606 $aAnthropologie$vPériodiques 606 $aAnthropologie 606 $aanthropology$2aat 606 $aAnthropology$2fast 608 $aPeriodical. 608 $aperiodicals.$2aat 608 $aPeriodicals.$2fast 608 $aPeriodicals.$2lcgft 608 $aPériodiques.$2rvmgf 615 0$aAnthropology 615 0$aAnthropology. 615 2$aAnthropology. 615 6$aAnthropologie 615 6$aAnthropologie. 615 7$aanthropology. 615 7$aAnthropology. 676 $a301.05 686 $a42.85$2bcl 686 $a73.00$2bcl 686 $aGH 18$2blsrissc 712 02$aU?stav Anthropos (Moravske? muzeum v Brne?) 906 $aJOURNAL 912 $a9910265959003321 920 $aexl_impl conversion 996 $aAnthropologie$959811 997 $aUNINA